<?xml version="1.0" encoding="UTF-8"?>
<record
    xmlns:xsi="http://www.w3.org/2001/XMLSchema-instance"
    xsi:schemaLocation="http://www.loc.gov/MARC21/slim http://www.loc.gov/standards/marcxml/schema/MARC21slim.xsd"
    xmlns="http://www.loc.gov/MARC21/slim">

  <leader>01559cam a2200421 a 4500</leader>
  <datafield tag="999" ind1=" " ind2=" ">
    <subfield code="c">7500</subfield>
    <subfield code="d">7500</subfield>
  </datafield>
  <controlfield tag="001">991004541509706706</controlfield>
  <controlfield tag="003">OSt</controlfield>
  <controlfield tag="005">20211203131104.0</controlfield>
  <controlfield tag="008">081127c2008    spc||||       001 ||spa c</controlfield>
  <datafield tag="015" ind1=" " ind2=" ">
    <subfield code="a">LL2009</subfield>
    <subfield code="2">bnc</subfield>
  </datafield>
  <datafield tag="017" ind1=" " ind2=" ">
    <subfield code="a">DL B. 43143-2008</subfield>
    <subfield code="a">DL B. 29427-2009</subfield>
    <subfield code="a">DL B. 26438-2010</subfield>
    <subfield code="b">Biblioteca de Catalunya</subfield>
  </datafield>
  <datafield tag="020" ind1=" " ind2=" ">
    <subfield code="a">9788497887458</subfield>
  </datafield>
  <datafield tag="035" ind1=" " ind2=" ">
    <subfield code="a">(ES-BaCBU)b40975289-34csuc_network</subfield>
  </datafield>
  <datafield tag="035" ind1=" " ind2=" ">
    <subfield code="a">(ES-BaCBU).b40975289</subfield>
  </datafield>
  <datafield tag="035" ind1=" " ind2=" ">
    <subfield code="a">(ccuc001)b40975289</subfield>
  </datafield>
  <datafield tag="035" ind1=" " ind2=" ">
    <subfield code="a">(OCoLC)804087146</subfield>
  </datafield>
  <datafield tag="040" ind1=" " ind2=" ">
    <subfield code="a">ES-BaCBU</subfield>
    <subfield code="b">cat</subfield>
    <subfield code="c">CDMR</subfield>
    <subfield code="d">ES-BaBC</subfield>
  </datafield>
  <datafield tag="080" ind1=" " ind2=" ">
    <subfield code="a">681.3:321.02</subfield>
  </datafield>
  <datafield tag="080" ind1=" " ind2=" ">
    <subfield code="a">321.02:681.3</subfield>
  </datafield>
  <datafield tag="090" ind1=" " ind2=" ">
    <subfield code="a">PN4833</subfield>
    <subfield code="b">.C3718 2008</subfield>
  </datafield>
  <datafield tag="100" ind1="1" ind2=" ">
    <subfield code="a">Cardoso, Gustavo,</subfield>
  </datafield>
  <datafield tag="245" ind1="1" ind2="4">
    <subfield code="a">Los Medios de comunicaci&#xF3;n en la sociedad en red :</subfield>
    <subfield code="b">filtros, escaparates y noticias /</subfield>
    <subfield code="c">Gustavo Cardoso ; pr&#xF3;logo de Manuel Castells</subfield>
  </datafield>
  <datafield tag="260" ind1=" " ind2=" ">
    <subfield code="a">Barcelona :</subfield>
    <subfield code="b">UOC,</subfield>
    <subfield code="c">2008</subfield>
  </datafield>
  <datafield tag="300" ind1=" " ind2=" ">
    <subfield code="a">574 p. :</subfield>
    <subfield code="b">il. ;</subfield>
    <subfield code="c">24 cm</subfield>
  </datafield>
  <datafield tag="490" ind1="1" ind2=" ">
    <subfield code="a">Sociedad red ;</subfield>
    <subfield code="v">2</subfield>
  </datafield>
  <datafield tag="500" ind1=" " ind2=" ">
    <subfield code="a">T&#xED;t. orig.: A m&#xED;dia na sociedade en rede</subfield>
  </datafield>
  <datafield tag="650" ind1=" " ind2="7">
    <subfield code="a">Societat de la informaci&#xF3;</subfield>
    <subfield code="2">thub</subfield>
  </datafield>
  <datafield tag="650" ind1=" " ind2="7">
    <subfield code="a">Sociologia de la comunicaci&#xF3;</subfield>
    <subfield code="2">thub</subfield>
  </datafield>
  <datafield tag="650" ind1=" " ind2="0">
    <subfield code="a">Premsa digital</subfield>
    <subfield code="2">thub</subfield>
    <subfield code="9">3188</subfield>
  </datafield>
  <datafield tag="650" ind1=" " ind2="7">
    <subfield code="a">Internet</subfield>
    <subfield code="2">thub</subfield>
  </datafield>
  <datafield tag="650" ind1=" " ind2="7">
    <subfield code="a">Mitjans de comunicaci&#xF3; digitals</subfield>
    <subfield code="x">Aspectes socials</subfield>
    <subfield code="2">lemac</subfield>
  </datafield>
  <datafield tag="650" ind1=" " ind2="7">
    <subfield code="a">Mitjans de comunicaci&#xF3; de massa</subfield>
    <subfield code="2">lemac</subfield>
  </datafield>
  <datafield tag="830" ind1=" " ind2="0">
    <subfield code="a">Sociedad red (Editorial UOC) ;</subfield>
    <subfield code="v">2</subfield>
  </datafield>
  <datafield tag="907" ind1=" " ind2=" ">
    <subfield code="a">.b40975289</subfield>
    <subfield code="b">17-06-21</subfield>
    <subfield code="c">27-11-08</subfield>
    <subfield code="d">11-02-09</subfield>
    <subfield code="e">m</subfield>
    <subfield code="f">a</subfield>
    <subfield code="g">-</subfield>
    <subfield code="h">spa</subfield>
    <subfield code="i">spc</subfield>
    <subfield code="j">0</subfield>
    <subfield code="k">1</subfield>
  </datafield>
  <datafield tag="908" ind1=" " ind2=" ">
    <subfield code="a">UdG</subfield>
    <subfield code="a">URL</subfield>
    <subfield code="a">UAB</subfield>
    <subfield code="a">UJI</subfield>
    <subfield code="a">BC</subfield>
    <subfield code="a">UPF</subfield>
    <subfield code="a">UIC</subfield>
    <subfield code="a">UOC</subfield>
    <subfield code="a">UAO</subfield>
    <subfield code="a">URV</subfield>
    <subfield code="a">UdL</subfield>
    <subfield code="a">UPC</subfield>
    <subfield code="a">UVic-UCC</subfield>
    <subfield code="a">UB</subfield>
    <subfield code="a">UDA</subfield>
  </datafield>
  <datafield tag="940" ind1=" " ind2=" ">
    <subfield code="a">BC</subfield>
  </datafield>
  <datafield tag="942" ind1=" " ind2=" ">
    <subfield code="2">udc</subfield>
    <subfield code="c">MON</subfield>
  </datafield>
  <datafield tag="952" ind1=" " ind2=" ">
    <subfield code="0">0</subfield>
    <subfield code="1">0</subfield>
    <subfield code="4">0</subfield>
    <subfield code="7">0</subfield>
    <subfield code="a">CDMR</subfield>
    <subfield code="b">CDMR</subfield>
    <subfield code="d">2021-12-03</subfield>
    <subfield code="e">Donaci&#xF3;</subfield>
    <subfield code="g">40.00</subfield>
    <subfield code="l">0</subfield>
    <subfield code="o">Cc 1/19</subfield>
    <subfield code="p">CDMR21120034</subfield>
    <subfield code="r">2021-12-03</subfield>
    <subfield code="w">2021-12-03</subfield>
    <subfield code="y">MON</subfield>
  </datafield>
</record>
